| 000 | 00377nam a2200145Ia 4500 | ||
|---|---|---|---|
| 008 | 150201s1996 xx 000 0 und d | ||
| 082 |
_a617.5 _bC1996G |
||
| 100 | _aGOLDSTEIN, RONALD | ||
| 245 | _aCHANGE YOUR SMILE | ||
| 250 | _a3RD | ||
| 260 |
_bQUINTESSENCE PUBLICATION _aDELHI _c1996 |
||
| 300 | _a1-324 | ||
| 650 | _aCONSERVATIVE DENTISTRY & ENDODONTICS | ||
| 942 |
_2ddc _cBK |
||
| 999 |
_c4597 _d4597 |
||